| 000 | 01517 a2200253 4500 | ||
|---|---|---|---|
| 003 | Nust | ||
| 005 | 20220817111647.0 | ||
| 010 | _a 2002073356 | ||
| 020 | _a0849300657 (alk. paper) | ||
| 040 | _cNust | ||
| 082 | 0 | 0 | _a621.3822,APP |
| 245 | 0 | 0 |
_aApplications in time-frequency signal processing / _cedited by Antonia Papandreou-Suppappola. |
| 260 |
_aBoca Raton : _bCRC Press, _c c2003. |
||
| 300 |
_a409 p. : _bill. ; _c24 cm. |
||
| 440 | 4 |
_aThe electrical engineering and applied signal processing series _997650 |
|
| 505 | _aTime Frequency Processing (Page-1), Interference Excision Via Time Frequency Distributions (Page-85), Positive Time Frequency Distributions (Page-121),Positive Time Frequency Distributions and Acoustic Echoes (Page-163), Time Frequency Reassignment from Principles to Algorithms (Page-179),Linear Time Freqquency Filters (Page-205), Discrete Reduced Inteference Distributions (Page-273),Time Frequency Analysis of Seismic Reflection Data (Page-307), Time Frequency Methodology for Newborn EEG Seizure Detection (Page-339),Quadratic Time Frequency Features for Speech Recognition (Page-371), | ||
| 650 | 0 |
_aFrequency spectra. _997651 |
|
| 650 | 0 | _aTelecommunication engineering | |
| 650 | 0 | _aTime-series analysis. | |
| 700 | 1 |
_aPapandreou-Suppappola, Antonia. _997652 |
|
| 856 | 4 | 1 |
_3Publisher description _uhttp://www.loc.gov/catdir/enhancements/fy0646/2002073356-d.html |
| 856 | 4 | 1 |
_3Table of contents only _uhttp://www.loc.gov/catdir/toc/fy034/2002073356.html |
| 942 |
_cREF _2ddc |
||
| 999 |
_c175733 _d175733 |
||